书目信息 |
| 题名: |
香港海员大罢工
|
|
| 作者: | 章洪 著 | |
| 分册: | ||
| 出版信息: | 广州 广东人民出版社 1979 |
|
| 页数: | 80页 | |
| 开本: | 19cm | |
| 丛书名: | ||
| 单 册: | ||
| 中图分类: | K261.31 | |
| 科图分类: | ||
| 主题词: | 中国--历史 | |
| 电子资源: | ||
| ISBN: | ||
| 000 | 00579nam0 2200229 45 | |
| 001 | 0179007448 | |
| 005 | 20040518172539.6 | |
| 010 | @dCNY0.25 | |
| 091 | @a11111.45 | |
| 100 | @a19950725d1979 em y0chiy0121 ea | |
| 101 | 0 | @achi |
| 102 | @aCN@b440000 | |
| 105 | @ay z 000yy | |
| 106 | @ar | |
| 200 | 10 | @a香港海员大罢工@Axiang gang hai yuan da ba gong@f章洪著 |
| 210 | @a广州@c广东人民出版社@d1979 | |
| 215 | @a80页@d19cm | |
| 606 | 0 | @a中国@x历史 |
| 690 | @aK261.31@v3 | |
| 701 | 0 | @a章洪@Azhang hong@4著 |
| 801 | 0 | @aCN@bNLC@c20040505 |
| 905 | @dK261.31@e25@f1@b75554 | |
| 香港海员大罢工/章洪著.-广州:广东人民出版社,1979 |
| 80页;19cm |
| ISBN :CNY0.25 |
| ● |
| 相关链接 |
|
|
|
|
正题名:香港海员大罢工
索取号:K261.31/25
 
预约/预借
| 序号 | 登录号 | 条形码 | 馆藏地/架位号 | 状态 | 备注 |
| 1 | 0075553 | 000641336 | 密集书库/ [索取号:K261.31/25] | 在馆 | |
| 2 | 0075554 | 000353548 | 密集书库/ [索取号:K261.31/25] | 在馆 | |
| 3 | 0075555 | 000641345 | 密集书库/ [索取号:K261.31/25] | 在馆 | |
| 4 | 0075556 | 000641327 | 第二借阅区/ [索取号:K261.31/25] | 在馆 | |
| 5 | 0075557 | 000641354 | 第二样本阅览室/ [索取号:K261.31/25] | 在馆 |